000 00635nam a22002057a 4500
005 20251108164234.0
008 250721s1989 xx 000 0 ara d
082 1 4 _a327.5694/هلح
100 1 _aهلحمي، بنجامين بيت
245 1 0 _aالأخطبوط الإسرائيلي /
264 1 _aعمان :
_bدار الكرمل - صامد،
_c1989.
300 _a211ص
490 0 _aكتاب صامد ؛ 20
650 1 7 _aإسرائيل
650 1 7 _aالعلاقات الدولية
700 1 _aبرهوم، محمود
_eترجمة
700 1 _aأبو ليل، يوسف
_eترجمة
942 _2ddc
_cBK
999 _c7174
_d7174